Animales Nacionales - Statistics

General Stats
  • This quiz has been taken 53 times
  • The average score is 12 of 45
Answer Stats
País Animal % Correct
México Águila real, Ajolote, Jaguar, Xoloitzcuintle, Chapulín
76%
Australia Canguro rojo, Emú
76%
Rusia Oso pardo, Tigre siberiano, Lobo de tundra, Águila bicéfala
76%
Estados Unidos Águila Calva, Bisonte
73%
España Toro, León hispano
73%
Gales Dragón galés
66%
Francia Gallo galo
59%
Inglaterra León
54%
Alemania Águila real
46%
Nueva Zelanda Kiwi
44%
Madagascar Lémur de cola anillada
39%
Países Bajos León
39%
China Panda gigante
39%
Egipto Águila esteparia
32%
Albania Águila bicéfala
29%
India Pavo real, Tigre de Bengala
29%
Perú Vicuña, Cóndor andino, Gallito de las rocas
27%
Italia Lobo italiano
24%
Canadá Castor americano, Caballo canadiense
22%
Ecuador Cóndor andino
22%
Escocia Unicornio
22%
Bután Druk, Takín
20%
Emiratos Árabes Unidos Órix de Arabia, Halcón, Camello
20%
Mongolia Caballo mongol, Halcón sacre
17%
Japón Carpa koi, Faisán verde, Serau
17%
Colombia Cóndor andino
15%
Kenia Elefante africano, Leopardo
15%
Etiopía León abisinio
12%
Papua Nueva Guinea Ave del paraíso de Raggi, Dugón
10%
Mauricio Dodo
10%
Indonesia Dragón de Komodo
10%
Sudáfrica Gacela saltarina, Grulla del paraíso, Galeón negro
10%
Tanzania Jirafa
10%
Turquía Lobo indio
10%
Costa Rica Perezoso, Manatí, Rana de ojos rojos, Capasurí, Yigüirro
10%
Suecia Alce
7%
Botsuana Cebra de llanura
7%
Filipinas Águila monera, Carabao
5%
Argelia Fénec
5%
Argentina Hornero común, Huemul, Taruca
5%
Arabia Saudita Caballo árabe
2%
Grecia Fénix
2%
Uganda Grulla coronada, Cobo
2%
Pakistán Leopardo de las nieves, Marjor, Perdiz chucar
2%
Ciudad del Vaticano Paloma de la paz
2%
No matching quizzes found
Score Distribution
Percent of People with Each Score
Percentile by Number Answered
Your Score History
You have not taken this quiz